|
|
|
|
| LEADER |
00000nab a2200000 a 4500 |
| 001 |
vtls000628740 |
| 003 |
SK-MaSNL |
| 005 |
20260304102313.0 |
| 008 |
250426c1997 xo 0 slo |
| 015 |
|
|
|a SNBRB19rr/mm-uuuuu
|
| 035 |
|
|
|a CL0628879
|
| 035 |
|
|
|a urn:nbn:sk:snk-ab767o
|
| 035 |
|
|
|a (uuid)a6326d96-eef5-480a-9655-c67493addbb3
|
| 035 |
|
|
|a (urnnbn)urn:nbn:sk:snk:ar-a071eq
|
| 035 |
|
|
|a (sysno)vtls000628740
|
| 040 |
|
|
|a SNKBUCL
|b slo
|c SNKBUCL
|e AACR2
|
| 041 |
0 |
|
|a slo
|
| 044 |
|
|
|a xo
|c SK
|
| 080 |
|
|
|a 336.272.7.027:336.245.027
|2 1981
|
| 080 |
|
|
|a 336.245.027
|2 1981
|
| 100 |
1 |
|
|a Mäsiarová, Terézia
|4 aut
|9 296131
|
| 245 |
1 |
0 |
|a Na podanie daňových priznaní pri prevode a prechode majetku nie je zákonom stanovený pevný termín
|c Terézia Mäsiarová
|
| 650 |
0 |
7 |
|a daň z dedičstva
|2 snkbucl
|9 300590
|
| 650 |
0 |
7 |
|a daň z darovania
|2 snkbucl
|9 300591
|
| 650 |
0 |
7 |
|a daň z prevodu nehnuteľností
|2 snkbucl
|9 2118
|
| 650 |
0 |
7 |
|a daňové priznanie
|2 snkbucl
|9 70980
|
| 655 |
|
7 |
|a články z novín a časopisov
|2 snkbucl
|9 267496
|
| 773 |
0 |
|
|t Mzdy a financie
|g Roč. 4, č. 11-12 (1997), s. 53-58
|
| 850 |
|
|
|a Slovenská národná knižnica
|
| 852 |
|
|
|a Slovenská národná knižnica
|
| 954 |
|
|
|a odborná, vedecká literatúra pôvodná (slovenská)
|2 lita
|
| 958 |
|
|
|a article27
|
| 958 |
|
|
|a RK
|
| 958 |
|
|
|a OND
|
| 958 |
|
|
|a EUIPO
|
| 999 |
|
|
|c 2844591
|d 2846521
|